| 000 | 00464nam a22001457a 4500 | ||
|---|---|---|---|
| 999 |
_c510930 _d510930 |
||
| 008 | 190904b ||||| |||| 00| 0 eng d | ||
| 100 |
_aKhan, Abdullah Abusayed et al _99706 |
||
| 245 | _aImpact of early marriage on reproductive health: a case in Bangladesh | ||
| 260 | _c2019 | ||
| 300 | _ap.64-77. | ||
| 650 |
_aReproduction (biological) - Bangladesh _99707 |
||
| 773 | _aIndian Journal of Regional Science | ||
| 906 | _aMarriage - Bangladesh | ||
| 942 | _cAR | ||